000 01142nam a22003257i 4500
003 EG-GICUC
005 20260121101435.0
008 251206s1980 fr ||||fr|||| 00| 0 fre d
020 _a2233000870
040 _aEG-GiCUC
_bfre
_cEG-GiCUC
_dEG-GiCUC
_eRda
041 _afre
082 0 4 _221
_a341.23
_bZA . I
092 0 4 _221
099 _aLaw1 11 341.23 ZA . I 1980
100 1 _aZarb, Antoine H.
_eAuteur
245 1 4 _aLes institutions spécialisées du système des Nations Unies et leurs membres /
_cAntoine H. Zarb ; préface de René-Jean Dupuy.
264 1 _aParis :
_bA. Pedone,
_c1980 .
300 _avix, 598 pages ;
_c 24 cm.
336 _2rda contenu
_a texte
337 _2rda medias
_aOrdinateur
338 _2 transporteur rda
_a Ressource en ligne
504 _aInclude Bibliography and Bibliographic references
546 _aTexte en français
650 1 4 _aOrganisation des Nations Unies
_xDroit international public
_2qrmak
651 1 _2qrmak
700 1 _aDupuy, René-Jean
_ePréfacier
856 4 0 _uhttps://fll.law.cu.edu.eg/fulltext/bks/B11-05061.pdf
905 _a75
_eHassnaa
942 _2ddc
_cBK
_e21
_n0
999 _c48686
_d48686